000 00340nam a2200121Ia 4500
008 191201s2004 xx 000 0 und d
100 _aTILLAR Shugg, W
245 0 _aHandbook of Electrical and Electronic Insulating Materials
260 _aN.Delhi
_bJaico Publication House
_c2004
300 _a598
650 _aB.Tech(ECE)
942 _2ddc
_cBK
999 _c1916
_d1916